Crusader Kings III Kingdoms (CK3) - Statistics

General Stats
  • This quiz has been taken 4 times
  • The average score is 65 of 247
Answer Stats
De Jure Liege Answer % Correct
Britannia Alba
100%
Hispania Aragon
100%
Hispania Castille
100%
Arabia Egypt
100%
Britannia England
100%
Britannia Ireland
100%
Arabia Jerusalem
100%
Hispania Leon
100%
Persia Persia
100%
Hispania Portugal
100%
Arabia Syria
100%
Britannia Wales
100%
Hispania Andalusia
75%
Arabia Arabia
75%
Hispania Asturias
75%
Germania Bavaria
75%
West Slavia Bohemia
75%
Francia Brittany
75%
Francia Burgundy
75%
Britannia Cornwall
75%
Scandinavia Denmark
75%
Baltic Empire Estonia
75%
Scandinavia Finland
75%
Francia France
75%
Hispania Galicia
75%
Germania Germany
75%
Carpathia Hungary
75%
Italia Italy
75%
Baltic Empire Lithuania
75%
Italia Naples
75%
Hispania Navarre
75%
Scandinavia Norway
75%
Russia Novgorod
75%
West Slavia Poland
75%
Italia Romagna
75%
Scandinavia Sapmi
75%
Italia Sardinia
75%
Italia Sicily
75%
Scandinavia Sweden
75%
Byzantium Thessaloniki
75%
Italia Venice
75%
Arabia Yemen
75%
Abyssinia Abyssinia
50%
Francia Aquitaine
50%
Byzantium Armenia
50%
Azania Bale
50%
Bengal Empire Bengal
50%
Brunei Brunei
50%
Carthage Carthage
50%
Byzantium Croatia
50%
Byzantium Cyprus
50%
Britannia Danelaw
50%
Byzantium Epirus
50%
Italia Genoa
50%
Byzantium Georgia
50%
Mali Ghana
50%
Guinea Guinea
50%
Rajastan Gujarat
50%
Persia Khorasan
50%
Byzantium Krete
50%
Mali Mali
50%
Persia Mesopotamia
50%
Carpathia Moldavia
50%
Mongolia Mongolia
50%
Abyssinia Nubia
50%
Italia Pisa
50%
Baltic Empire Pomerania
50%
Rajastan Punjab
50%
Byzantium Rum
50%
Byzantium Serbia
50%
Samhan Silla
50%
Germania Switzerland
50%
Hispania Toledo
50%
Tibet U
50%
Hispania Valencia
50%
Lingnan Viet
50%
Volga-Ural Volga-Bulgaria
50%
Carpathia Wallachia
50%
Abyssinia Adal
25%
Mahgreb Africa
25%
Azania Ajuraan
25%
Amur Amur
25%
Byzantium Anatolia
25%
Mahgreb Anbiya
25%
Kambuja Angkor
25%
Germania Austria
25%
Hispania Badajoz
25%
Samhan Baekje
25%
Bengal Empire Bihar
25%
Byzantium Bosnia
25%
Byzantium Bulgaria
25%
Mongolia Buryatia
25%
Germania Carinthia
25%
Kambuja Champa
25%
Kambuja Chenla
25%
Tartaria Cumania
25%
Britannia Cumbria
25%
Persia Daylam
25%
Rajastan Delhi
25%
Germania Frisia
25%
Samhan Goguryeo
25%
Byzantium Hellas
25%
Persia Jazira
25%
Persia Kabulistan
25%
Kanem-Bornu Kanem
25%
Andong Khitan
25%
Guinea Kong
25%
Deccan Empire Lanka
25%
Mahgreb Mahgreb
25%
Persia Makran
25%
Carthage Mauretania
25%
Volga-Ural Mordvinia
25%
Bengal Empire Orissa
25%
Suvarnabhumi Pagan
25%
Byzantium Pontus
25%
Suvarnabhumi Siam
25%
Mali Songhay
25%
West Slavia Sorbia
25%
Carthage Tripolitania
25%
Russia Vladimir
25%
Russia White Rus'
25%
Yongliang Xia
25%
Japan Yamato
25%
Guinea Yorubaland
25%
Guinea Akan
0%
Tibet Amdo
0%
Deccan Empire Andhra
0%
Mongolia Angara
0%
Byzantium Armenian Principalities
0%
Amur Aynumosir
0%
Japan Azuma
0%
Italia Baleo Tyrrhenia
0%
Volga-Ural Bashkiria
0%
Deccan Empire Bene-Israel
0%
Russia Bjarmaland
0%
Abyssinia Blemmyia
0%
Andong Bóhai
0%
Guinea Borgu
0%
Khazaria Bosporan Kingdom
0%
Mahgreb Canaries
0%
Carthage Carthago Nova
0%
Khazaria Caspian Steppe
0%
Khazaria Caucasus
0%
Khazaria Cossacks
0%
Zhongyuan Daibei
0%
Liangyi Dali
0%
Abyssinia Damot
0%
Britannia Daneland
0%
Kanem-Bornu Darfur
0%
Liangyi Dongchuan
0%
Suvarnabhumi Dvaravati
0%
Tartaria Dzungaria
0%
Jingyang Fujian
0%
West Slavia Galicia Volyhnia
0%
Mongolia Gobi
0%
Bengal Empire Gondwana
0%
West Slavia Great Moravia
0%
Yongliang Guannei
0%
Tibet Guge
0%
Tibet Guiyi Circuit
0%
Guinea Gur
0%
Mali Gurma
0%
Tibet Gyalrong
0%
Kanem-Bornu Hausaland
0%
Zhongyuan Hebei
0%
Zhongyuan Hedong
0%
Zhongyuan Henan
0%
Yongliang Hexi
0%
Rajastan Himalaya
0%
Amur Hitakami
0%
Jingyang Huainan
0%
Srivijaya Hujung Medini
0%
Jingyang Hunan
0%
Guinea Igbo-Benue
0%
Arabia Israel
0%
Mali Jenne
0%
Jingyang Jiangdong
0%
Jingyang Jiangxi
0%
Mali Kaabu
0%
Nusantara Kabisay-An
0%
Bengal Empire Kamarupa
0%
Deccan Empire Karnata
0%
Mongolia Khakassia
0%
Tibet Kham
0%
Turan Khotan
0%
Tartaria Kimek
0%
Italia Kingdom of Fashion
0%
Tartaria Kipchak
0%
Rajastan Kosala
0%
Liangyi Kuizhou
0%
Tibet Lhomon
0%
Jingyang Liangzhe
0%
Lingnan Lingnan
0%
Lingnan Lingxi
0%
Nusantara Liuqiu
0%
Baltic Empire Livonia
0%
Germania Lothringia
0%
Nusantara Lusung
0%
Andong Luzhen
0%
Deccan Empire Maharastra
0%
Srivijaya Malayadvipa
0%
Nusantara Maluku
0%
Rajastan Malwa
0%
Britannia Mann and the Isles
0%
Tibet Maryul
0%
Tibet Mjinjaa
0%
Mongolia Naiman Khanate
0%
Byzantium Nikea
0%
Siberia Ob
0%
Turan Oghuz Il
0%
Mongolia Otuken
0%
Volga-Ural Permia
0%
Tartaria Qara Dala
0%
Liangyi Qianzhong
0%
Zhongyuan Qingxu
0%
Rajastan Rajputana
0%
Andong Raole
0%
Russia Ruthenia
0%
Nusantara Ruucuu
0%
Mahgreb Sahara
0%
Kanem-Bornu Sao
0%
Tartaria Saryarka
0%
Jingyang Shannan
0%
Andong Shiwei
0%
Siberia Sibir
0%
Nusantara Sulawesi
0%
Turan Syr Darya
0%
Mali Takrur
0%
Deccan Empire Tamilakam
0%
Nusantara Tanjungnagara
0%
Deccan Empire Telingana
0%
Turan Transoxiana
0%
Italia Trinacria
0%
Tibet Tsang
0%
Japan Tsukushi
0%
Mongolia Tuva
0%
Tartaria Uly Dala
0%
Liangyi Xichuan
0%
Liangyi Xingyuan
0%
Srivijaya Yavakadvipa
0%
Zhongyuan Youji
0%
Siberia Yugra
0%
Azania Zanj
0%
Khazaria Zaporizhia
0%
Tartaria Zhetysu
0%
No matching quizzes found
Score Distribution
Percent of People with Each Score
Percentile by Number Answered
Your Score History
You have not taken this quiz